| 000 | 00881nam a2200253 i 4500 | ||
|---|---|---|---|
| 001 | C2-0251344 | ||
| 003 | PPAK | ||
| 005 | 20180727214811.0 | ||
| 008 | 030904s1988 my |||| ||||| | may d | ||
| 040 |
_aPPAK _beng _cPPAK _erda |
||
| 082 | 0 | 4 |
_a630.9595 _223 |
| 090 | 0 | 0 |
_a630.9595 _bMAL _dKK |
| 110 | 2 | _aMalaysia. Kemeterian Pertanian | |
| 245 | 0 | 0 | _aKajian pembangunan Kampong Dusun Pengapit mengikut halacara baru |
| 264 | 1 |
_aSungai Petani, Kedah : _bUnit Pengurusan Projek Sungai Petani , _c1988 |
|
| 300 |
_a17 pages ; _c30 cm |
||
| 336 |
_2rdacontent _atext |
||
| 337 |
_2rdamedia _aunmediated |
||
| 338 |
_2rdacarrier _avolume |
||
| 500 | _aProjek pembangunan pertanian bersepadu (IADP) Lembah Kedah - No.110 | ||
| 650 | 1 | 0 | _aAgriculture - Research - Malaysia. ; Agriculture and state - Kedah. |
| 710 | 2 |
_aMalaysia. Kemeterian Pertanian _eorganizer |
|
| 942 |
_ddc _cB |
||
| 999 |
_c64557 _d64557 |
||